| 000 | 00606nam a2200169 i 4500 | ||
|---|---|---|---|
| 001 | 182070 | ||
| 003 | ES-MaACL | ||
| 005 | 20230906221524.0 | ||
| 008 | 130529s2012 sp |||| | spa d | ||
| 080 | _a821.134.2-34"19" | ||
| 100 | 0 |
_aObligado, Clara. _986412 |
|
| 245 | 1 | 0 |
_aEscribir _b: seguido de: El silecio, relato perteneciente a "El libro de los viajes equivocados" / _cClara Obligado. |
| 260 |
_aMolina de Segura : _bAyuntamiento, Concejalíade Cultura y Festejos, _c[2012] |
||
| 300 |
_a[16] p. ; _c21 cm. |
||
| 586 | _aPrecede al tít.: IX premio Setenil 2012 | ||
| 852 |
_aES-MaACL _j2114-F-19 |
||
| 999 |
_c182070 _d182070 |
||